| 000 | 00379nam a22001457a 4500 | ||
|---|---|---|---|
| 005 | 20260106104007.0 | ||
| 008 | 260106b |||||||| |||| 00| 0 eng d | ||
| 020 | _a978-0-09947-829-4 | ||
| 100 | _aWOOLF, VIRGINIA | ||
| 245 | _aTO THE LIGHTHOUSE | ||
| 260 |
_aLONDON _bVINTAGE BOOKS _c2004 |
||
| 300 | _aXXII, 198P. | ||
| 650 | _aFAMILIES -ENGLAND - FICTION | ||
| 942 |
_2lcc _cBK |
||
| 999 |
_c216409 _d216409 |
||